000 00613nam a22002177a 4500
003 UA-OsUOA
001 104790
007 ta
008 20140129b un ||||| |||| 00| 0 ukr d
100 _aЧамата Н.
090 _a82
_bЧ-17
942 _cSA
040 _aUA-OsUOA
_bukr
_cUA-OsUOA
_dUA-OsUOA
245 _aКомпозиція ліричних творів Шевченка (сюжетно-тематичний рівень)
300 _aС.36-47
955 _a0
041 _aukr
080 _a82
773 0 _w104786
650 7 _a82 Література. Літературознавство
_2UDC
999 _c391051
_d391051